PANDUAN penubuhan dan penyelenggaraan kawasan-kawasan simpanan hutan dara
| Format: | Book |
|---|---|
| Published: |
Kuala Lumpur :
Ibu Pejabat Perhutanan ,
1987
|
| Subjects: |
MARC
| LEADER | 00000cam a2200000 7i4500 | ||
|---|---|---|---|
| 001 | 0000001762 | ||
| 005 | 20011116.0 | ||
| 090 | 0 | 0 | |a JPSM 634.92 |b PAN 1987 |
| 245 | 0 | 0 | |a PANDUAN penubuhan dan penyelenggaraan kawasan-kawasan simpanan hutan dara |
| 260 | 0 | 0 | |a Kuala Lumpur : |b Ibu Pejabat Perhutanan , |c 1987 |
| 300 | |a 18 p. : |b ill. ; |c 30 cm. | ||
| 650 | 0 | 0 | |a Forest management |
| 998 | |a JPSM | ||
| 999 | |a 0000002797 |b Monograph |c Open Shelf |e Default branch | ||